| 000 | 00472nam a2200193Ia 4500 | ||
|---|---|---|---|
| 003 | GCL | ||
| 008 | 140319s9999 xx 000 0 aRus d | ||
| 040 |
_aGCL / _cGCL |
||
| 082 | 0 | 4 |
_a860.09 _bB R |
| 100 | 1 | _aBECQUER, GUSTAVO ADOLFO | |
| 245 | 1 | 0 |
_aRIMAS / _cBECQUER, GUSTAVO ADOLFO |
| 260 |
_a[S.N] : _bCLASICO CASTALIA ، _c1993 |
||
| 300 | _a242 | ||
| 650 | 0 | 4 | _aLITERATURE |
| 650 | 0 | 4 | _aPOETRY |
| 650 | 0 | 4 | _aRHYMES |
| 650 | 0 | 4 | _aSPANISH POETRY |
| 942 |
_2ddc _cBK |
||
| 999 |
_c12793 _d12793 |
||